Public finance in Japan

সংরক্ষণ করুন:
গ্রন্থ-পঞ্জীর বিবরন
বিন্যাস: গ্রন্থ
ভাষা:Undetermined
প্রকাশিত: Tokyo University of Tokyo Press 1986
বিষয়গুলি:
ট্যাগগুলো: ট্যাগ যুক্ত করুন
কোনো ট্যাগ নেই, প্রথমজন হিসাবে ট্যাগ করুন!
Thư viện lưu trữ: Trung tâm Học liệu Trường Đại học Cần Thơ
LEADER 00473nam a2200181Ia 4500
001 CTU_107458
008 210402s9999 xx 000 0 und d
082 |a 336.52 
082 |b P976 
245 0 |a Public finance in Japan 
245 0 |c Tokue Shibata edited by 
260 |a Tokyo 
260 |b University of Tokyo Press 
260 |c 1986 
650 |a Finance, Public 
650 |z Japan 
904 |i Nguyên 
980 |a Trung tâm Học liệu Trường Đại học Cần Thơ